000 01171nam a2200313 a 4500
001 000116052
003 CHAP
005 20220329144558.0
008 190902s2019 mx a sm |||||||spa d
010 _a112513
011 _a113485
040 _cCHAP
090 _aTesis
100 1 _aHernández Torres, Bulmaro.
_9136773
245 1 0 _aPruebas de infección de Nacobbus Aberrans en plantas de jitomate cv miroma /
_h[En línea]
_cpor Bulmaro Hernández Torres.
260 _aChapingo, Méx. :
_bEl autor,
_c2019.
500 _aPara ver el contenido del material haga clic en la liga
502 _aTesis (Ing. Agr. Esp. en Parasitología Agrícola) -- UACH. Departamento de Parasitología Agrícola
590 _aBATCH-UPD
_b05
_c20190902
_lUCH01
_h1602
590 _aE8697GMM
_b05
_c20190902
_lUCH01
_h1044
590 _aE8697GMM
_b05
_c20190902
_lUCH01
_h1046
590 _aE8697GMM
_b05
_c20190902
_lUCH01
_h1602
650 1 4 _aCultivos en invernadero
_xEnfermedades.
_930378
650 1 4 _aTomate
_xEnfermedades por nemátodos.
_9113714
856 _aFinding aid
_uhttp://10.13.5.2/tesis/sist116052.pdf
_zTeclea aquí
901 _aBK
942 _cTESIS
942 _n0
999 _c112513
_d112513